000 00920nam a22002415i 4500
001 178474
003 ES-MaACL
005 20250902030433.0
008 110602s1967 sp |||| | spa d
080 _a657:658(035)
080 _a658:657(035)
100 1 _aBourquin, Maurice.
_931019
245 1 0 _aTratado de contabilidad industrial
_b: con aplicación de costes standard /
_cM. Bourquin ; versión española Francisco Hortelano ; prólogo Francisco Javier Ramos Díaz.
260 _aMadrid :
_bICE,
_cimp. 1967.
300 _aXX, 477 p. ;
_c25 cm.
490 1 _aSelecciones de economía de la empresa ;
_v2
650 0 4 _aContabilidad.
_911307
700 0 _aHortelano Hernández, Francisco.
_964264
700 1 _aRamos Díaz, Francisco Javier.
_9146864
830 0 0 _aSelecciones de economía de la empresa (ICE)
_v2
_9190989
852 _aES-MaACL
_jE-15223
_xOlim P-1278
999 _c178474
_d178474